| 000 | 00408nam a2200145 i 4500 | ||
|---|---|---|---|
| 001 | bg | ||
| 100 | 1 | _aKOROBKOV, V. I. | |
| 245 | 0 |
_aMetody prigotovlenija preparatov i obrabotka rezultatov izmeranij radioaktivnosti / _cV.I. Korobkov, N.B. Lukjanov. |
|
| 260 |
_aMoskva, _c1973. |
||
| 700 | 1 | _aLUKJANOV, N. B. | |
| 040 | _cBPK | ||
| 041 | _apol | ||
| 942 | _cKS | ||
| 008 | s pl f |000 0 pol | ||
| 999 |
_c25812 _d25812 |
||
| 856 |
_uhttp://koha.tu.koszalin.pl/cgi-bin/koha/opac-detail.pl?biblionumber=25812 _yKatalog online BPK |
||